| 000 | 00000nam 2200000za 4500 |
| 001 | 9.574472 |
| 003 | CaOODSP |
| 005 | 20221107134035 |
| 007 | cr ||||||||||| |
| 008 | 150406s2002 onc|||||o f|0| 0 eng d |
| 040 | |aCaOODSP|beng |
| 043 | |an-cn--- |
| 086 | 1 |aCP32-78/1-2002E-PDF |
| 245 | 00|aMedically necessary |h[electronic resource] : |bwhat is it, and who decides? |
| 260 | |aOttawa : |bCommission on the Future of Health Care in Canada, |c2002. |
| 300 | |a16 p. |
| 490 | 1 |aIssue/survey paper |
| 500 | |a"July 2002." |
| 520 | 3 |aOne of nine issue/survey papers designed to inform Canadians and give them a chance to express their views on a healthcare issue, this paper discusses how “medically necessary” is defined as a criterion for funding. It considers definining it in the Canada Health Act; defining it from experts' perspectives (issue of public input); and defining it from the perspective of benefit to an individual’s health (issues of capacity to benefit, rules). Each paper includes a survey soliciting readers’ views. |
| 590 | |a12-29-Supp|b2012-06-25 |
| 690 | 07|aEthics|2gcpds |
| 690 | 07|aHealth care|2gcpds |
| 690 | 07|aHealth care system|2gcpds |
| 710 | 1 |aCanada. |bPrivy Council Office. |
| 710 | 1 |aCommission on the Future of Health Care in Canada. |
| 710 | 2 |aCanadian Health Services Research Foundation. |
| 775 | 08|tMédicalement nécessaire |w(CaOODSP)9.604217 |
| 776 | 0#|tMedically necessary : |w(CaOODSP)9.616044 |
| 830 | #0|aIssue/survey paper.|w(CaOODSP)9.507043 |
| 856 | 40|ahttp://publications.gc.ca|qPDF|s234 KB|uhttps://publications.gc.ca/collections/Collection/CP32-78-1-2002E.pdf |